| 000 | 00624nam a2200241Ia 4500 | ||
|---|---|---|---|
| 005 | 20260320201136.0 | ||
| 008 | 008 262003s9999 xx 000 0 eng d | ||
| 037 | _aEBOOK | ||
| 040 | _aCRL | ||
| 040 | _beng | ||
| 040 | _cCRL | ||
| 041 | _2eng | ||
| 041 | _aeng | ||
| 084 | _qCRL | ||
| 100 | _aSelby | ||
| 245 | 0 | _aSoftware Engineering: Barry W. Boehm's Lifetime Contributions to Software Development, Management, and Research | |
| 260 | _bIEEE | ||
| 260 | _c2007 | ||
| 856 | _uhttps://ieeexplore.ieee.org/servlet/opac?bknumber=5989528 | ||
| 942 | _cEBOOK | ||
| 999 |
_c1719180 _d1719180 |
||